Found Heaven- Conan Gray (Tracklist) - Statistics

General Stats
  • This quiz has been taken 23 times
  • The average score is 13 of 13
Answer Stats
Track Title % Correct
Track 5 Alley Rose
100%
Track 3 Fainted Love
100%
Track 9 Forever With Me
100%
Track 1 Found Heaven
100%
Track 4 Lonely Dancers
100%
Track 2 Never Ending Song
100%
Track 6 The Final Fight
100%
Track 13 Winner
100%
Track 11 Boys and Girls
94%
Track 10 Eye Of The Night
94%
Track 12 Killing Me
94%
Track 7 Miss You
88%
Track 8 Bourgeoisieses
81%
No matching quizzes found
Score Distribution
Percent of People with Each Score
Percentile by Number Answered
Your Score History
You have not taken this quiz